| 000 | 00610 a2200217 4500 | ||
|---|---|---|---|
| 005 | 20260127102126.0 | ||
| 008 | 260122b |||||||| |||| 00| 0 eng d | ||
| 020 |
_a9780128217689 _c$ 115.00 |
||
| 040 | _aMAIN | ||
| 082 |
_a362.88 _bT869F(3) |
||
| 100 | _aTurvey, Brent E | ||
| 245 | _aForensic victimology: Examining violent crime victims in investigative and legal contexts | ||
| 250 | _a3rd | ||
| 260 |
_bAcademic Press _c2023 _aLondon |
||
| 300 | _axxxvi, 575 | ||
| 650 | _aForensic Science | ||
| 650 | _aCriminal Investigation | ||
| 650 | _aCriminology | ||
| 650 | _aVictimology | ||
| 942 | _cBK | ||
| 999 |
_c394436 _d394436 |
||